Regional Rent Survey - Autumn 1999 (Record no. 100642)

MARC details
000 -LEADER
fixed length control field 00556cam a2200205 4500
001 - CONTROL NUMBER
control field J106938
008 - FIXED-LENGTH DATA ELEMENTS--GENERAL INFORMATION
fixed length control field 000000n1999 000 0 eng u
035 ## - SYSTEM CONTROL NUMBER
System control number (Sirsi) u106938
050 ## - LIBRARY OF CONGRESS CALL NUMBER
Classification number 333.337
110 ## - MAIN ENTRY--CORPORATE NAME
Corporate name or jurisdiction name as entry element Weatherall Green and Smith
9 (RLIN) 2055
245 ## - TITLE STATEMENT
Title Regional Rent Survey - Autumn 1999
260 ## - PUBLICATION, DISTRIBUTION, ETC.
Place of publication, distribution, etc. London
Name of publisher, distributor, etc. Weatherall Green and Smith
Date of publication, distribution, etc. 1999
300 ## - PHYSICAL DESCRIPTION
Extent 4p ; 30cm
650 ## - SUBJECT ADDED ENTRY--TOPICAL TERM
Topical term or geographic name entry element RENT
650 ## - SUBJECT ADDED ENTRY--TOPICAL TERM
Topical term or geographic name entry element OFFICES
650 ## - SUBJECT ADDED ENTRY--TOPICAL TERM
Topical term or geographic name entry element UNITED KINGDOM
690 ## - LOCAL SUBJECT ADDED ENTRY--TOPICAL TERM (OCLC, RLIN)
Topical term or geographic name as entry element PROPERTY-COMMERCIAL PROPERTY
856 ## - ELECTRONIC LOCATION AND ACCESS
Uniform Resource Identifier <a href=" http: // www.weatheralls.co.uk"> http: // www.weatheralls.co.uk</a>
942 ## - ADDED ENTRY ELEMENTS (KOHA)
Suppress in OPAC 0
Holdings
Withdrawn status Lost status Source of classification or shelving scheme Damaged status Not for loan Home library Current library Shelving location Date acquired Total Checkouts Full call number Barcode Date last seen Copy number Price effective from Koha item type
    Dewey Decimal Classification     London London Property market reports 04/07/2000   PROPERTY MARKET REPORTS 30061763 06/08/2019 1 06/08/2019 Book